Words That End in "Punk" - Statistics

General Stats
  • This quiz has been taken 12 times
  • The average score is 2 of 6
Answer Stats
# Words % Correct
C Cyberpunk
50%
S Spunk
50%
P Postpunk
25%
S Steampunk
25%
C Cowpunk
0%
S Splatterpunk
0%
No matching quizzes found
Score Distribution
Percent of People with Each Score
Percentile by Number Answered
Your Score History
You have not taken this quiz